Khảo sát sự lưu hành và tính đề kháng kháng sinh của vi khuẩn Salmonella Weltevreden và Salmonella Typhimurium trên heo và môi trường ở một số trại heo tỉnh Hậu Giang : Luận văn tốt nghiệp Cao học. Chuyên ngành Thú y

Xác định sự lưu hành, serotype của vi khuẩn Salmonella trên heo và môi trường xung quanh khu vực chăn nuôi heo, mối quan hệ giữa các chủng vi khuẩn Salmonella phân lập được, sự đề kháng và gene mã hóa sự kháng với kháng sinh của các chủng Salmonell...

Volledige beschrijving

Bewaard in:
Bibliografische gegevens
Hoofdauteur: Trương, Anh Thy
Formaat: Boek
Taal:Undetermined
Gepubliceerd in: Cần Thơ Trường Đại học Cần Thơ 2018
Onderwerpen:
Tags: Voeg label toe
Geen labels, Wees de eerste die dit record labelt!
Thư viện lưu trữ: Trung tâm Học liệu Trường Đại học Cần Thơ
LEADER 01354nam a2200217Ia 4500
001 CTU_228647
008 210402s9999 xx 000 0 und d
082 |a 636.4089 
082 |b Th600 
088 |a 8640101 
100 |a Trương, Anh Thy 
245 0 |a Khảo sát sự lưu hành và tính đề kháng kháng sinh của vi khuẩn Salmonella Weltevreden và Salmonella Typhimurium trên heo và môi trường ở một số trại heo tỉnh Hậu Giang : 
245 0 |b Luận văn tốt nghiệp Cao học. Chuyên ngành Thú y 
245 0 |c Trương Anh Thy ; Lý Thị Liên Khai (Cán bộ hướng dẫn) 
260 |a Cần Thơ 
260 |b Trường Đại học Cần Thơ 
260 |c 2018 
520 |a Xác định sự lưu hành, serotype của vi khuẩn Salmonella trên heo và môi trường xung quanh khu vực chăn nuôi heo, mối quan hệ giữa các chủng vi khuẩn Salmonella phân lập được, sự đề kháng và gene mã hóa sự kháng với kháng sinh của các chủng Salmonella Weltevreden và Salmonella Typhimurium phân lập được. 
650 |a Veterinary bacteriology,Vi khuẩn thú y 
910 |b nthai 
980 |a Trung tâm Học liệu Trường Đại học Cần Thơ